000 00741nam a22002417a 4500
999 _c333836
_d333836
001 47736
003 UA-OsUOA
005 20200217155214.0
007 ta
008 20070820b un ||||| |||| 00| 0 ukr d
040 _aUA-OsUOA
_bukr
_cUA-OsUOA
_dUA-OsUOA
041 _aukr
080 _a82(091)(477):09
090 _a82(091)(477):09
_bЕ99
100 _aЄфремов С.
245 _aІсторія українського письменства
260 _aК.
_bУкраїнський учитель
300 _a469 с.
650 7 _a09 Рукописи. Раритети і рідкісні видання
_2UDC
650 7 _a82 Література. Літературознавство
942 _cRB
_2udc
955 _a2